Pequeños Poemas en prosa
Kaydedildi:
| Yazar: | |
|---|---|
| Materyal Türü: | Kitap |
| Dil: | İspanyolca |
| Baskı/Yayın Bilgisi: |
Madrid
Cátedra
1994
|
| Edisyon: | 2a. ed |
| Seri Bilgileri: | Letras Universales, 67
|
| Konular: | |
| Etiketler: |
Etiketle
Etiket eklenmemiş, İlk siz ekleyin!
|
MARC
| LEADER | 00000nam a2200000 a 4500 | ||
|---|---|---|---|
| 001 | UCS3545 | ||
| 003 | CL-VaPUC | ||
| 008 | 970704e19940000SP |||||||||||||||||spa|d | ||
| 082 | 0 | 4 | |a 841 |b BAU |2 21 |
| 100 | 0 | |a Baudelaire, Charles Pierre |e author |9 265454 | |
| 245 | 1 | 0 | |a Pequeños Poemas en prosa |
| 246 | 1 | 4 | |a Los paraísos artificiales |
| 250 | |a 2a. ed | ||
| 300 | |a 271 p | ||
| 942 | |c BK | ||
| 945 | |d 19970704 00:00:00 |a rleighto | ||
| 260 | |a Madrid |b Cátedra |c 1994 | ||
| 650 | 0 | |a Poesías francesas |9 265467 | |
| 583 | |a last modification |c 19970704 00:00:00 |k Rodrigo Vera | ||
| 490 | 0 | |a Letras Universales, 67 | |
| 999 | |c 261206 |d 261204 | ||
| 952 | |0 0 |1 0 |4 0 |6 841_000000000000000_BAU_1994 |7 0 |8 R |9 288452 |a BIBART |b BIBART |d 2019-11-19 |i 3327396 |l 5 |o 841 BAU 1994 |p 3327396 |r 2025-03-13 |s 2023-09-29 |w 2019-11-19 |y BK_R |k ART | ||